[Event "Massy op"]
[Site "Massy"]
[Date "1993.??.??"]
[Round "4"]
[White "Boudre, Jean Pierre"]
[Black "Fruteau, Sabine"]
[Result "1-0"]
[WhiteElo "2380"]
[BlackElo "2185"]

1.e4 e5 2.Nf3 Nc6 3.Bb5 a6 4.Ba4 Nf6 5.O-O b5 6.Bb3 Bb7 7.c3 Nxe4 8.d4 Na5
9.Nxe5 Nxb3 10.Qxb3 Qf6 11.f3 Nc5 12.Ng4 Nxb3 13.Nxf6+ Ke7 14.Bg5 gxf6 15.Re1+ Kd6
16.Bf4+ Kc6 17.axb3 d5 18.b4 Kd7 19.Nd2 a5 20.bxa5 b4 21.Nf1 bxc3 22.bxc3 Bd6
23.Bxd6 Kxd6 24.Ne3 Rhe8 25.Kf2 Ba6 26.Ng4 Rxe1 27.Rxe1 Bd3 28.Re3 Bb5 29.Nxf6 Rxa5
30.g4 h6 31.Kg3 c5 32.Ng8 Ra3 33.Nxh6  1-0

[Event "Muenster op"]
[Site "Muenster"]
[Date "1993.??.??"]
[Round "7"]
[White "Balashov, Yuri S"]
[Black "Mainka, Gregor"]
[Result "1-0"]
[WhiteElo "2520"]
[BlackElo "2385"]

1.e4 e5 2.Nf3 Nc6 3.Bb5 a6 4.Ba4 Nf6 5.O-O b5 6.Bb3 Bb7 7.d3 Be7 8.a4 O-O
9.c3 h6 10.Nbd2 Rb8 11.h3 d5 12.axb5 axb5 13.Nh2 Qd7 14.Ng4 d4 15.Nxf6+ Bxf6
16.c4 Nb4 17.Nf3 Ba6 18.c5 Bc8 19.Bd2 Na6 20.Qc2 c6 21.Ba2 Qe7 22.b4 Ra8
23.Bb3 Be6 24.Ra2 Nc7 25.Rfa1 Rxa2 26.Rxa2 Bxb3 27.Qxb3 Qe6 28.Qxe6 Nxe6
29.Ra6 Rc8 30.g3 Kf8 31.h4 Ke7 32.h5 Kd7 33.Kg2 Nc7 34.Ra2 Ra8 35.Rxa8 Nxa8
36.Ne1 Be7 37.f4 f6 38.Nc2 Nc7 39.Na1 Na6 40.Nb3 Bd8 41.Kf3 Ke7 42.Ke2 Kd7
43.Na1 Ke6 44.Nc2 Nb8 45.Ne1 Nd7 46.Nf3 Be7 47.Nh4 Nxc5 48.bxc5 Bxc5 49.Nf5 Bf8
50.Ba5 c5 51.Bc7 c4 52.Bb8  1-0

[Event "Munich op9293"]
[Site "Munich"]
[Date "1993.??.??"]
[Round "4"]
[White "Blatny, Pavel"]
[Black "Kishnev, Sergey"]
[Result "1-0"]
[WhiteElo "2515"]
[BlackElo "2530"]

1.e4 e5 2.Nf3 Nc6 3.Bb5 a6 4.Ba4 Nf6 5.O-O b5 6.Bb3 Bb7 7.d3 Be7 8.a4 d6
9.Nc3 Na5 10.Ba2 b4 11.Ne2 O-O 12.Ng3 g6 13.Bh6 Re8 14.Qd2 Nc6 15.Nf5 Bf8
16.Ng5 d5 17.exd5 Nd4 18.Bxf8 gxf5 19.c3 b3 20.cxd4 bxa2 21.Bh6 Ng4 22.Nf3 Qd6
23.Qg5+ Qg6 24.Nh4 Qxg5 25.Bxg5 f6 26.Bc1 exd4 27.Rxa2 Bxd5 28.Ra3 Be6 29.b4 Ne5
30.Bd2 a5 31.Rc1 axb4 32.Bxb4 Reb8 33.Bc5 Rb3 34.Rxb3 Bxb3 35.Bxd4 Rxa4 36.Bxe5 fxe5
37.Nxf5 Bc2 38.Ne7+ Kf7 39.Nc6 Kf6 40.f4 Bxd3 41.Nxe5 Be4 42.Nd7+ Kf5 43.Nc5 Ra7
44.Nxe4 Kxe4 45.g3 Kd4 46.Rd1+ Ke4 47.Re1+ Kf3 48.f5 c5 49.f6 Rf7 50.Rc1 Ke4
51.Rxc5 Rxf6 52.Rb5 Rf7 53.Kg2 Ra7 54.Kh3 Rg7 55.g4 Rf7 56.Ra5 Rf4 57.Kh4 Rf7
58.Kh5 Rb7 59.g5 Kf3 60.h4 Kg3 61.Ra4 Rb6 62.Ra3+ Kf4 63.Ra7  1-0

[Event "NLD-chT"]
[Site "?"]
[Date "1993.??.??"]
[Round "9"]
[White "Cuijpers, Frans Andre"]
[Black "Klip, Hans"]
[Result "0-1"]
[WhiteElo "2425"]
[BlackElo "2340"]

1.e4 e5 2.Nf3 Nc6 3.Bb5 a6 4.Ba4 Nf6 5.O-O b5 6.Bb3 Bb7 7.Re1 Bc5 8.c3 d6
9.d4 Bb6 10.h3 h6 11.Be3 O-O 12.d5 Ne7 13.Bxb6 cxb6 14.Nbd2 Ng6 15.Nf1 Nf4
16.Ng3 Bc8 17.Nh2 Kh8 18.Re3 Rg8 19.Ng4 Nxg4 20.hxg4 g6 21.Nf1 h5 22.gxh5 gxh5
23.g3 Qf6 24.f3 Bh3  0-1

[Event "Ontario op"]
[Site "Ontario"]
[Date "1993.??.??"]
[Round "3"]
[White "Palacios, Bobby"]
[Black "Nickoloff, Bryon"]
[Result "0-1"]
[WhiteElo "2240"]
[BlackElo "2390"]

1.e4 e5 2.Nf3 Nc6 3.Bb5 a6 4.Ba4 Nf6 5.O-O b5 6.Bb3 Bb7 7.Ng5 d5 8.exd5 Nd4
9.Re1 Bd6 10.c3 Nxb3 11.axb3 O-O 12.d4 exd4 13.c4 c5 14.Qd3 Re8 15.Rxe8+ Qxe8
16.Bd2 Qe5 17.Nf3 Qh5 18.h3 Re8 19.Na3 b4 20.Nc2 Bc8 21.Re1 Rxe1+ 22.Ncxe1 Qf5
23.Qxf5 Bxf5 24.Nh4 Bb1 25.Kf1 g6 26.Nhf3 Ba2 27.Bxb4 cxb4 28.Nxd4 Ne4 29.Nd3 Bc5
30.Nxc5 Nxc5 31.d6 Kf8 32.Nc6 Bxb3 33.Nxb4 Bxc4+ 34.Kg1 Ke8 35.Nc6 Bb5 36.Nd4 Kd7
37.Kh2 Nd3 38.Nf3 f6 39.b3 Nxf2 40.Kg3 Ne4+ 41.Kf4 Nc5 42.Nd2 Kxd6 43.h4 Ne6+
44.Ke3 Ke5 45.g3 Kf5 46.Ne4 h5 47.b4 Bc6 48.Nd6+ Kg4 49.Kf2 Nc7 50.Nf7 Nb5
51.Nh6+ Kh3 52.Ng8 Nc3 53.Ne7 Be4 54.Ng8 Nd5  0-1

[Event "Osijek"]
[Site "Osijek"]
[Date "1993.??.??"]
[Round "1"]
[White "Jukic, Branimir"]
[Black "Misanovic, Vesna"]
[Result "1-0"]
[WhiteElo "2375"]
[BlackElo "2360"]

1.e4 e5 2.Nf3 Nc6 3.Bb5 a6 4.Ba4 Nf6 5.O-O b5 6.Bb3 Bb7 7.c3 Nxe4 8.d4 Na5
9.Nxe5 Nxb3 10.Qxb3 Qf6 11.f3 Nc5 12.Ng4 Nxb3 13.Nxf6+ Ke7 14.Bg5 Nxa1 15.Re1+ Kd6
16.Bf4+ Kc6 17.d5+ Kc5 18.b4+ Kc4 19.Na3+ Kxc3 20.Ne4+ Kxb4 21.Rb1+ Ka5 22.Bxc7+ Ka4
23.Nc3+ Kxa3 24.Bf4  1-0

[Event "Osijek"]
[Site "Osijek"]
[Date "1993.??.??"]
[Round "6"]
[White "Lau, Ralf"]
[Black "Misanovic, Vesna"]
[Result "1-0"]
[WhiteElo "2510"]
[BlackElo "2360"]

1.e4 e5 2.Nf3 Nc6 3.Bb5 a6 4.Ba4 Nf6 5.O-O b5 6.Bb3 Bb7 7.Re1 Bc5 8.c3 d6
9.d4 Bb6 10.Be3 O-O 11.Nbd2 h6 12.h3 exd4 13.cxd4 Nb4 14.Qb1 c5 15.a3 Nc6
16.d5 Ne7 17.Bc2 Nd7 18.Bf4 c4 19.Re2 Nc5 20.Nf1 Re8 21.Ng3 Ng6 22.Be3 Nd7
23.Nd4 Nde5 24.Qd1 Bc5 25.Rd2 Bc8 26.Qh5 Qf6 27.Ngf5 Bxf5 28.Qxf5 Qd8 29.Rad1 c3
30.bxc3 Nc4 31.Re2 Nxe3 32.Rxe3 Re5 33.Qf3 Rg5 34.g3 Ne5 35.Qe2 Nc4 36.Rf3 Nxa3
37.Nc6 Qd7 38.h4 Rg6 39.e5 Nxc2 40.Qxc2 Kh7 41.e6  1-0

[Event "Oviedo rapid"]
[Site "Oviedo"]
[Date "1993.??.??"]
[Round "5"]
[White "Tseshkovsky, Vitaly"]
[Black "Rausis, Igors"]
[Result "1-0"]
[WhiteElo "2495"]
[BlackElo "2575"]

1.e4 e5 2.Nf3 Nc6 3.Bb5 a6 4.Ba4 Nf6 5.O-O b5 6.Bb3 Bb7 7.d3 Be7 8.Re1 O-O
9.c3 d6 10.Nbd2 h6 11.Nf1 Bc8 12.d4 Bg4 13.d5 Na5 14.Bc2 c6 15.dxc6 Qc7 16.Ne3 Qxc6
17.Nxe5 dxe5 18.Nxg4 Rad8 19.Nxf6+ Bxf6 20.Qe2 Be7 21.Bb3 Nxb3 22.axb3 Rd6
23.Be3 Rfd8 24.Qh5 Re6 25.h3 Rd3 26.Rad1 Qxe4 27.Bxh6 Rxd1 28.Qxd1 Rd6 29.Qc1 Qd5
30.c4 Qe6 31.Be3 Qg6  1-0

[Event "Pardubice op"]
[Site "Pardubice"]
[Date "1993.??.??"]
[Round "7"]
[White "Brodsky, Michail"]
[Black "Zvara, Petr"]
[Result "1/2-1/2"]
[WhiteElo "2515"]
[BlackElo "2290"]

1.e4 e5 2.Nf3 Nc6 3.Bb5 a6 4.Ba4 Nf6 5.O-O b5 6.Bb3 Bb7 7.d3 Be7 8.c3 O-O
9.Re1 h6 10.Nbd2 Re8 11.d4 Bf8 12.Bc2 d6 13.d5 Ne7 14.b3 c6 15.c4 cxd5 16.cxd5 Nh7
17.Bb2 f5 18.exf5 Nxd5 19.Ne4 Rc8 20.Qd2 Nf4 21.Rad1 Ng5 22.Nfxg5 hxg5 23.f3 g4
24.fxg4 Qh4 25.Bb1 Qxg4 26.Re3 Kf7 27.Rde1 Be7 28.Rg3 Qh4 29.Nxd6+ Bxd6 30.Qxd6 Rc6
31.Qd1 Rd8 32.Qg4 Qxg4 33.Rxg4 Rcd6 34.Bxe5 Rd1 35.Rxd1 Rxd1+ 36.Kf2 Rxb1
37.Rxf4 Rc1 38.Kg3 Re1 39.Bd4 Rd1 40.Bf2 Rd3+ 41.Kh4 Bxg2 42.Kg4 Bc6 43.h4 Rd2
44.Kg5 Rxa2 45.f6 g6 46.b4 a5 47.h5 gxh5 48.bxa5 Rxa5  1/2-1/2

[Event "Paris-ch"]
[Site "Paris"]
[Date "1993.??.??"]
[Round "5"]
[White "Miulescu, Gabriel"]
[Black "Fruteau, Sabine"]
[Result "0-1"]
[WhiteElo "2355"]
[BlackElo "2185"]

1.e4 e5 2.Nf3 Nc6 3.Bb5 a6 4.Ba4 Nf6 5.O-O b5 6.Bb3 Bb7 7.Re1 Bc5 8.c3 d6
9.d4 Bb6 10.Bg5 h6 11.Bh4 g5 12.Bg3 O-O 13.dxe5 Nxe5 14.Nxe5 dxe5 15.Nd2 Qe7
16.Bc2 Rad8 17.Qe2 c5 18.Nf1 Qe6 19.a4 c4 20.axb5 axb5 21.Kh1 Nd7 22.Ne3 Nc5
23.Nf5 Kh7 24.h4 Kg6 25.Rad1 Bc7 26.f3 Qf6 27.Ne3 gxh4 28.Ng4 Qg5 29.Bh2 Ne6
30.Rd5 Nf4 31.Bxf4 Qxf4 32.Rxb5 Rd2 33.Qe3 Rxc2 34.Qxf4 exf4 35.Rxb7 Rc8
36.Rd1 h5 37.Nh2 Rd8 38.Rg1 Be5 39.Rb5 f6 40.Rb4 Rdd2 41.Rxc4 Rxb2 42.Rc8 Rdc2
43.Rd8 Bc7 44.Rc8 Bb6 45.Rd1 h3  0-1

[Event "CRO-Cup"]
[Site "Pula"]
[Date "1993.??.??"]
[Round "3"]
[White "Galic, Kruno"]
[Black "Zecevic, Dean"]
[Result "0-1"]
[WhiteElo "2265"]
[BlackElo "2360"]

1.e4 e5 2.Nf3 Nc6 3.Bb5 a6 4.Ba4 Nf6 5.O-O b5 6.Bb3 Bb7 7.d3 Bd6 8.c4 h6
9.Nc3 O-O 10.cxb5 axb5 11.Nxb5 Bc5 12.Nc3 d6 13.Nd5 Na5 14.Nxf6+ Qxf6 15.Bc2 d5
16.Nd2 c6 17.a3 Ba6 18.b4 Bd4 19.Rb1 Nb7 20.exd5 Nd6 21.dxc6 Bb5 22.Qf3 Qg6
23.a4 Bxc6 24.Qxc6 Rac8 25.Qf3 Rxc2 26.Ne4 Nf5 27.Ng3 Nh4 28.Qe4 Qf6 29.Be3 Rd8
30.b5 Rc3 31.b6 Bxe3 32.fxe3 Qe7 33.b7 Rb8 34.Rfc1 Rxb7 35.Rxb7 Rxc1+ 36.Nf1 Qd8
37.Ra7 Rc8 38.a5 g6 39.Rb7 Rc2 40.g3 Qf6  0-1

[Event "LAT-ch"]
[Site "Riga"]
[Date "1993.??.??"]
[Round "?"]
[White "Krakops, Maris"]
[Black "Fainveits, L."]
[Result "1/2-1/2"]
[WhiteElo "2295"]
[BlackElo "2245"]

1.e4 e5 2.Nf3 Nc6 3.Bb5 a6 4.Ba4 Nf6 5.O-O b5 6.Bb3 Bb7 7.Re1 Bc5 8.c3 d6
9.d4 Bb6 10.a4 O-O 11.Bg5 h6 12.Bh4 g5 13.Bg3 Re8 14.h4 g4 15.Nh2 Qd7 16.axb5 axb5
17.Rxa8 Bxa8 18.d5 Ne7 19.h5 Kg7 20.Bh4 Nxh5 21.Nxg4 Ng6 22.Ne3 Bxe3 23.Qxh5 Bc5
24.Nd2 Bb7 25.Nf1 Nxh4 26.Qxh4 Bc8 27.Bd1 Qd8 28.Qxd8 Rxd8 29.b4 Bb6 30.Be2 Bd7
31.Ra1 Kg6 32.Ne3  1/2-1/2

[Event "Rostov op"]
[Site "Rostov"]
[Date "1993.??.??"]
[Round "?"]
[White "Stripunsky, Alexander"]
[Black "Sepp, Olav"]
[Result "0-1"]
[WhiteElo "2470"]
[BlackElo "2390"]

1.e4 e5 2.Nf3 Nc6 3.Bb5 a6 4.Ba4 Nf6 5.O-O b5 6.Bb3 Bb7 7.c3 Nxe4 8.d4 Na5
9.Bc2 exd4 10.Bxe4 Bxe4 11.Re1 d5 12.Nxd4 c5 13.f3 cxd4 14.fxe4 Be7 15.exd5 O-O
16.Qxd4 Bf6 17.Qd3 Re8 18.Rxe8+ Qxe8 19.Nd2 Qe1+ 20.Nf1 Rd8 21.Rb1 Qe5 22.Ne3 Bg5
23.Bd2 Nc4 24.Ng4 Qxd5 25.Qxd5 Rxd5 26.Bxg5 Rxg5 27.Nf2 h5 28.Nh3 Rf5 29.b3 Nd2
30.Re1 Rc5 31.Kf2 Rxc3 32.Ng5 Rc8 33.Rd1 Rc5 34.Rxd2 Rxg5 35.Rd8+ Kh7 36.b4 Re5
37.Ra8 Re6 38.a3 Kg6 39.Ra7 Rf6+ 40.Kg3 Rc6 41.Kf2 Kf6 42.h4 Ke6 43.Ke2 g6
44.Kd3 f6 45.Ke4 g5 46.hxg5 fxg5 47.Rh7 Rc4+ 48.Kf3 Kf5 49.Rf7+ Kg6 50.Rd7 Rc3+
51.Ke4 h4 52.Rd6+ Kh5 53.Kf5 Rc2 54.Rxa6 Rxg2  0-1

[Event "Rostov op"]
[Site "Rostov"]
[Date "1993.??.??"]
[Round "?"]
[White "Kuzmin, Gennadi P"]
[Black "Sepp, Olav"]
[Result "1/2-1/2"]
[WhiteElo "2525"]
[BlackElo "2390"]

1.e4 e5 2.Nf3 Nc6 3.Bb5 a6 4.Ba4 Nf6 5.O-O b5 6.Bb3 Bb7 7.d3 Bd6 8.a4 O-O
9.axb5 axb5 10.Rxa8 Qxa8 11.Bg5 Ne8 12.Nbd2 Na5 13.Ba2 h6 14.Bh4 c5 15.Bg3 Nc6
16.Bd5 Qb8 17.Nh4 Ne7 18.Bxb7 Qxb7 19.Nf5 Nxf5 20.exf5 Bc7 21.Re1 d6 22.Ne4 Qc8
23.Qf3 Bd8 24.Ra1 c4 25.h3 cxd3 26.cxd3 b4 27.Ra8 Qc1+ 28.Kh2 Bg5 29.Nxg5 hxg5
30.Qb7 Qc7 31.Qxb4 Qd7 32.Qa4 Qxa4 33.Rxa4 Nc7 34.Rb4 Rc8 35.Rc4 Kf8 36.h4 gxh4
37.Bxh4 Ke8 38.Rg4 Kf8 39.Rc4 Ke8 40.Kh3 Kd7 41.Bg5 Rb8 42.b4 Ra8 43.Be3 d5
44.Rg4 d4 45.Rxg7 dxe3 46.Rxf7+ Kd6 47.fxe3 Ra3 48.Rf6+ Kd7 49.Rf7+ Kd6  1/2-1/2

[Event "St Petersburg op"]
[Site "St Petersburg"]
[Date "1993.??.??"]
[Round "?"]
[White "Brodsky, Michail"]
[Black "Sivokho, Sergey"]
[Result "1/2-1/2"]
[WhiteElo "2515"]
[BlackElo "2340"]

1.e4 e5 2.Nf3 Nc6 3.Bb5 a6 4.Ba4 Nf6 5.O-O b5 6.Bb3 Bb7 7.d3 Bc5 8.a4 O-O
9.Nc3 b4 10.Nd5 Na5 11.Bg5 Nxb3 12.Bxf6 gxf6 13.cxb3 Bxd5 14.exd5 Kh8 15.d4 Bd6
16.Re1 Rg8 17.dxe5 fxe5 18.Nxe5 Qf6 19.Qd4 Rg7 20.Nf3 Qxd4 21.Nxd4 Rg5 22.Rad1 Rxd5
23.Nc2 Rxd1 24.Rxd1 Rd8 25.Kf1 Bc5 26.Ne3 Kg7 27.Ke2 c6 28.Kd3 Kf6 29.Rc1 Bxe3
30.fxe3 Rg8 31.g3 Rg5 32.Rc4 Rd5+ 33.Ke2 a5 34.Rh4 Kg6 35.Rg4+ Rg5 36.Rd4 d5
37.Rd2 c5 38.Rc2 d4 39.exd4 cxd4 40.Rc6+ f6 41.Kd3 Rf5 42.Rc2 Rd5 43.Rf2 h5
44.h3 Rg5 45.Rf3 Rc5 46.g4 hxg4 47.hxg4 Rd5 48.Kc4 Rd6 49.Kd3 Kg5 50.Rf5+ Kxg4
51.Rxa5 f5 52.Ra8 f4 53.Rg8+ Kh3 54.Ke4 d3 55.Kf3 Kh4 56.Rh8+ Kg5 57.Rg8+ Kf5
58.Rf8+ Ke5 59.Re8+ Kd5 60.a5 Kc5 61.Re1 Rd4 62.Ra1 d2 63.Rd1 Kb5 64.Ke2 Kxa5
65.Rxd2 Rxd2+ 66.Kxd2 Kb5 67.Kd3 Kc6 68.Kc4 Kc7 69.Kd3 Kb6 70.Kd4  1/2-1/2

[Event "SWE-chT 9394"]
[Site "SWE"]
[Date "1993.??.??"]
[Round "2"]
[White "Astrom, Goran"]
[Black "Moberg, Karl Johan"]
[Result "1/2-1/2"]
[WhiteElo "2290"]
[BlackElo "2300"]

1.e4 e5 2.Nf3 Nc6 3.Bb5 a6 4.Ba4 Nf6 5.O-O b5 6.Bb3 Bb7 7.Re1 Bc5 8.c3 d6
9.d4 Bb6 10.Bg5 h6 11.Bh4 g5 12.Bg3 O-O 13.Qd3 Nh5 14.Nbd2 Qf6 15.dxe5 Nxe5
16.Nxe5 dxe5 17.Qf3 Qxf3 18.Nxf3 Rfe8 19.Rad1 Nxg3 20.hxg3 Kg7 21.Bd5 c6
22.Bb3 Re7 23.g4 Rd8 24.Rxd8 Bxd8 25.Rd1 Bc7 26.Rd2 Bc8 27.Nh2 Rd7 28.Rxd7 Bxd7
29.Kf1 f6 30.Ke2 Kg6 31.Kf3 h5 32.Bd1 hxg4+ 33.Nxg4 Bxg4+ 34.Kxg4 Kf7 35.Kf5 Bb6
36.f3 Be3 37.a4 Bc1 38.b3 Bb2 39.axb5 axb5 40.c4 bxc4 41.bxc4 c5  1/2-1/2

[Event "SWE-chT 9293"]
[Site "SWE"]
[Date "1993.??.??"]
[Round "9"]
[White "Sanden, Stefan"]
[Black "Jepson, Christian"]
[Result "1-0"]
[WhiteElo "2270"]
[BlackElo "2250"]

1.e4 e5 2.Nf3 Nc6 3.Bb5 a6 4.Ba4 Nf6 5.O-O b5 6.Bb3 Bb7 7.Re1 Bc5 8.c3 d6
9.d4 Bb6 10.a4 h6 11.axb5 axb5 12.Rxa8 Qxa8 13.Na3 O-O 14.d5 Na5 15.Bc2 Ng4
16.Nd4 Bc8 17.h3 Nxf2 18.Kxf2 exd4 19.Kg3 Bd7 20.Qh5 Qd8 21.e5 dxe5 22.Bxh6 f5
23.Rxe5 Qf6 24.Bf4 dxc3 25.b4 Nc4 26.Nxc4 bxc4 27.Re2 Qf7 28.Qf3 Re8 29.Rxe8+ Bxe8
30.Be5 Bd7 31.Bxc3 Qe7 32.Qf4 Qe3+ 33.Qxe3 Bxe3 34.Kf3 Bc1 35.b5 Kf7 36.Be5 Bxb5
37.Bxf5 c3 38.Bxc3 g6 39.Be4 Ba3 40.Be5 Bd6 41.Bd4 Bd7 42.g4 g5 43.Bf5 Bb5
44.h4 gxh4 45.g5 Bf8 46.Be5 Bc4 47.Ke4 Bf1 48.g6+ Ke7 49.Bxc7 Bg2+ 50.Kd4 Kf6
51.Bd3 h3 52.Be5+ Ke7 53.Bf5 Ke8 54.d6 Bc6 55.Bxh3 Ba4 56.Be6 Kd8 57.g7 Bxg7
58.Bxg7 Ke8 59.Bf6  1-0

[Event "Tilburg"]
[Site "Tilburg"]
[Date "1993.??.??"]
[Round "2"]
[White "Leko, Peter"]
[Black "Mozetic, Dejan"]
[Result "1/2-1/2"]
[WhiteElo "2555"]
[BlackElo "2580"]

1.e4 e5 2.Nf3 Nc6 3.Bb5 a6 4.Ba4 Nf6 5.O-O b5 6.Bb3 Bb7 7.c3 Nxe4 8.d4 Na5
9.Bc2 exd4 10.Nxd4 c5 11.Nf5 Qf6 12.Nd2 d5 13.Nxe4 dxe4 14.Ng3 Be7 15.Nxe4 Qc6
16.Qh5 g6 17.Qe5 f6 18.Qg3 O-O 19.f3 Rfe8 20.Nf2 Bd6 21.Bf4 Rad8 22.Rfe1 Bxf4
23.Qxf4 f5 24.Rad1 Rxe1+ 25.Rxe1 Re8 26.Qc1 Kg7 27.Nd3 c4 28.Nf4 Qb6+ 29.Kf1 Rxe1+
30.Qxe1 Qd6 31.Qe3 Nc6 32.h4 Qe5 33.Kf2 Kf6 34.Ne2 Qxe3+ 35.Kxe3 Ke5 36.f4+ Kd6
37.g3  1/2-1/2

[Event "Ufa"]
[Site "Ufa"]
[Date "1993.??.??"]
[Round "?"]
[White "Kalegin, Evgenij"]
[Black "Potapov, Alexander"]
[Result "1/2-1/2"]
[WhiteElo "2355"]
[BlackElo "2380"]

1.e4 e5 2.Nf3 Nc6 3.Bb5 a6 4.Ba4 Nf6 5.O-O b5 6.Bb3 Bb7 7.c3 Nxe4 8.d4 Na5
9.Nxe5 Nxb3 10.Qxb3 Qf6 11.f3 Nc5 12.Ng4 Nxb3 13.Nxf6+ gxf6 14.Re1+ Be7 15.axb3 d6
16.Bf4 Kd7 17.Nd2 Rhe8 18.Nf1 c5 19.dxc5 dxc5 20.Rad1+ Kc6 21.Ng3 Bf8 22.Nh5 f5
23.Rxe8 Rxe8 24.Nf6 Re2 25.Nd7 Be7 26.Ne5+ Kb6 27.Rd7 Bh4 28.g3 f6 29.Rd6+ Ka7
30.Nd3 Bg5 31.Nxc5 Bxf4 32.gxf4 Bxf3 33.Rxa6+ Kb8 34.Rxf6 Rxb2 35.Rxf5 Rg2+
36.Kf1 Rxh2 37.Re5 Bg4 38.Kg1 Rc2 39.Ne4 Bf3 40.Rxb5+ Kc7 41.Re5 Bxe4 42.Rxe4 Rxc3
43.Rc4+ Rxc4 44.bxc4 Kd6 45.Kg2 Kc5 46.f5 Kd6 47.Kg3 Ke5 48.Kg4 h5+ 49.Kg5 h4
50.f6 Ke6 51.Kg6 h3 52.f7 h2 53.f8=Q h1=Q 54.Qc8+ Ke5 55.Qc5+ Ke6 56.Qb6+ Kd7
57.Qa7+ Kc8 58.Qa6+ Kc7 59.Qa5+ Kb7 60.Qd5+ Qxd5 61.cxd5 Kc7 62.Kf5 Kd6 63.Ke4  1/2-1/2

[Event "Ufa"]
[Site "Ufa"]
[Date "1993.??.??"]
[Round "?"]
[White "Bezgodov, Alexei"]
[Black "Potapov, Alexander"]
[Result "1-0"]
[WhiteElo "2345"]
[BlackElo "2380"]

1.e4 e5 2.Nf3 Nc6 3.Bb5 a6 4.Ba4 Nf6 5.O-O b5 6.Bb3 Bb7 7.d3 Bd6 8.c3 O-O
9.Nbd2 h6 10.d4 Re8 11.Bc2 Bf8 12.d5 Nb8 13.Nb3 c5 14.c4 d6 15.a4 bxc4 16.Nbd2 a5
17.Nxc4 Na6 18.Ra3 Nb4 19.Bb1 Bc8 20.h3 g6 21.Bd2 Nh5 22.Qc1 g5 23.Re1 Bg7
24.Nh2 Nf4 25.Nf1 Ng6 26.Kh2 Ra7 27.Qd1 Rf8 28.Ng3 Nh4 29.Ne3 Re8 30.Nh5 f6
31.Rg1 Rf8 32.g3 Ng6 33.f4 Qe8 34.Nf5 Bxf5 35.exf5 Nh8 36.h4 exf4 37.gxf4 Re7
38.Rg2 gxh4 39.Qg4 Rff7 40.Re3 Kf8 41.Nxg7  1-0

[Event "Vilnius zt"]
[Site "Vilnius"]
[Date "1993.??.??"]
[Round "?"]
[White "Lauk, Ular"]
[Black "Sepp, Olav"]
[Result "0-1"]
[WhiteElo "2410"]
[BlackElo "2390"]

1.e4 e5 2.Nf3 Nc6 3.Bb5 a6 4.Ba4 Nf6 5.O-O b5 6.Bb3 Bb7 7.c3 Nxe4 8.d4 Na5
9.Nxe5 Nxb3 10.Qxb3 Nd6 11.c4 Qf6 12.Nc3 Qe6 13.Nd5 O-O-O 14.Nf4 Qe8 15.c5 Nf5
16.Be3 f6 17.Nf7 g5 18.Nxd8 Kxd8 19.Nd3 Nh4 20.Bxg5 fxg5 21.Rfe1 Be7 22.Ne5 Rf8
23.c6 dxc6 24.Rac1 Rf6 25.Qc3 Qf8 26.Re2 Ng6 27.Nxg6 Rxg6 28.Rce1 Rg7 29.Re6 Bc8
30.R6e4 Bd7 31.Qb3 Bd6 32.a4 Re7 33.Rxe7 Bxe7 34.axb5 axb5 35.Qa2 Bc8 36.Qa8 Qf6
37.d5 Bc5 38.Re2 Qd6 39.Qxc6 Qxc6 40.dxc6 Bd6 41.f3 b4 42.g3 Ba6 43.Rc2 Bd3
44.Rd2 Bg6 45.Kf2 Ke7 46.Re2+ Kf6 47.Ke1 Bf7  0-1

[Event "Amstelveen"]
[Site "Amstelveen"]
[Date "1994.??.??"]
[Round "2"]
[White "Reeh, Oliver"]
[Black "Van de Oudeweetering, Arthur"]
[Result "1/2-1/2"]
[WhiteElo "2430"]
[BlackElo "2325"]

1.e4 e5 2.Nf3 Nc6 3.Bb5 a6 4.Ba4 Nf6 5.O-O b5 6.Bb3 Bb7 7.d3 Be7 8.a4 O-O
9.Re1 Re8 10.c3 Bf8 11.Nbd2 Na5 12.Ba2 c5 13.d4 cxd4 14.cxd4 Nc6 15.Ng5 d5
16.Bxd5 Nxd5 17.Qh5 h6 18.Qxf7+ Kh8 19.Qxb7 hxg5 20.Qxc6 Nb4 21.Qg6 Nc2 22.Qh5+ Kg8
23.Nf3 Be7 24.Bxg5 Nxe1 25.Rxe1 exd4 26.Bxe7 Qxe7 27.axb5 axb5 28.h4 Qf6
29.Qd5+ Qe6 30.Qxd4 Qc4 31.e5 Qxd4 32.Nxd4 b4 33.f4 Rac8 34.Rf1 Rc4 35.Nb5 Rc2
36.Nd6 Re6 37.Rf2 b3 38.g3 Re7 39.Nb5 Rd7 40.e6 Rd1+ 41.Kg2 Rdd2 42.Rxd2 Rxd2+
43.Kf3 Rxb2 44.Nd4 Rd2 45.Nxb3 Rd3+ 46.Kg4 Rxb3 47.f5 Kf8 48.Kf4 Ke7 49.g4 Rb4+
50.Kg5 Ra4 51.h5 Rb4 52.Kh4 Kf6 53.Kg3 Kg5 54.Kf3 Kf6 55.Kg3 Ke5 56.Kh4 Kf4
57.h6 Rb1 58.Kh5 Rh1+ 59.Kg6 gxh6 60.e7 Re1 61.f6 Kxg4 62.Kxh6 Re2 63.Kg6 Re1  1/2-1/2

[Event "AUT-ch"]
[Site "Austria"]
[Date "1994.??.??"]
[Round "2"]
[White "Rattinger, Thomas"]
[Black "Hiermann, Dietmar"]
[Result "0-1"]
[WhiteElo "2255"]
[BlackElo "2135"]

1.e4 e5 2.Nf3 Nc6 3.Bb5 a6 4.Ba4 Nf6 5.O-O b5 6.Bb3 Bb7 7.d4 Nxd4 8.Bxf7+ Kxf7
9.Nxe5+ Kg8 10.Qxd4 c5 11.Qd1 Qc7 12.Ng4 Nxe4 13.Nd2 h5 14.Ne3 Bd6 15.Nxe4 Bxh2+
16.Kh1 Bxe4 17.Nd5 Qd6 18.Nc3 Bc6 19.Bg5 h4 20.Qxd6 Bxd6 21.Rad1 h3 22.f3 hxg2+
23.Kxg2 Rh2+ 24.Kg1 Rh5 25.Rxd6 Rxg5+ 26.Kf2 Rf8 27.Ke3 Re5+ 28.Kd2 b4 29.Nd1 Ref5
30.Ne3 Rxf3 31.Rxf3 Rxf3 32.Nc4 Rf2+ 33.Kd1 Bf3+ 34.Ke1 Rxc2 35.b3 Bc6 36.Ne5 Rxa2
37.Nxc6 dxc6 38.Rxc6 Rb2 39.Rxc5 Rxb3  0-1

[Event "EUCup Gr"]
[Site "Baile Herculane"]
[Date "1994.??.??"]
[Round "2"]
[White "Sale, Srdjan"]
[Black "Rausis, Igors"]
[Result "0-1"]
[WhiteElo "2445"]
[BlackElo "2495"]

1.e4 e5 2.Nf3 Nc6 3.Bb5 a6 4.Ba4 Nf6 5.O-O b5 6.Bb3 Bb7 7.c3 Nxe4 8.Re1 Nc5
9.Nxe5 Nxe5 10.Rxe5+ Ne6 11.d4 Bd6 12.Rh5 O-O 13.a4 g6 14.Rh3 Re8 15.Na3 Qf6
16.Nc2 Ng5 17.Bxg5 Qxg5 18.d5 c5 19.dxc6 Bxc6 20.Qf1 Bc5 21.Rg3 Qd2 22.Rd3 Qe2
23.axb5 Bxb5 24.Qxe2 Rxe2 25.Rf3 Rf8 26.Re1 Rd2 27.Re5 Bc6 28.Rf6 Kg7 29.Rxc6 dxc6
30.Kf1 Rxf2+ 31.Ke1 Bb6 32.Ba4 Rxg2 33.b4 Rxh2 34.c4 h5 35.c5 Bc7 36.Re7 Bg3+
37.Kf1 Rd8 38.Ne3 Rf2+ 39.Kg1 Rdd2 40.Bxc6 Rfe2 41.Kh1 Re1+  0-1

[Event "Regionalliga SO9495"]
[Site "Bayern"]
[Date "1994.??.??"]
[Round "3"]
[White "Graf, Christian"]
[Black "Middelhoff, Cornelius"]
[Result "1/2-1/2"]
[WhiteElo "2165"]
[BlackElo "2070"]

1.e4 e5 2.Nf3 Nc6 3.Bb5 a6 4.Ba4 Nf6 5.O-O b5 6.Bb3 Bb7 7.Re1 Bc5 8.c3 d6
9.d4 Bb6 10.Bg5 h6 11.Bh4 Qe7 12.a4 g5 13.axb5 axb5 14.Rxa8+ Bxa8 15.Bg3 h5
16.h4 g4 17.Ng5 Nd8 18.Na3 Nd7 19.d5 f6 20.Ne6 Nxe6 21.dxe6 Nc5 22.Bd5 c6
23.b4 Nxe6 24.Bb3 Bb7 25.Nc2 O-O 26.Ne3 Bxe3 27.Rxe3 Kh8 28.Rd3 Rd8 29.Qc1 Kg7
30.f3 c5 31.Bxe6 Qxe6 32.bxc5 d5 33.Qd2 Bc6 34.Qa2 Rd7 35.exd5 Bxd5 36.Qd2 gxf3
37.gxf3 e4 38.c6 Bxc6 39.Rxd7+ Qxd7 40.Qxd7+ Bxd7 41.fxe4 Bc6  1/2-1/2

[Event "JUG-chT Cup"]
[Site "Becici"]
[Date "1994.??.??"]
[Round "?"]
[White "Martinovic, Slobodan"]
[Black "Vujosevic, Vladimir"]
[Result "1/2-1/2"]
[WhiteElo "2465"]
[BlackElo "2355"]

1.e4 e5 2.Nf3 Nc6 3.Bb5 a6 4.Ba4 Nf6 5.O-O b5 6.Bb3 Bb7 7.d3 Be7 8.Re1 O-O
9.Nbd2 Re8 10.Nf1 Bf8 11.c3 Na5 12.Bc2 d5 13.Bg5 dxe4 14.dxe4 Qxd1 15.Raxd1 Nh5
16.Ne3 h6 17.Bh4 Nf4 18.b4 Nc6 19.Nd5 Rac8 20.a4 f6 21.axb5 axb5 22.Bb3 Kh7
23.Bg3 Nxd5 24.Bxd5 Nd8 25.h4 h5 26.Re2 Bxd5 27.Rxd5 c6 28.Rd7 c5 29.bxc5 Rxc5
30.Rb2  1/2-1/2

[Event "JUG-chT Cup"]
[Site "Becici"]
[Date "1994.??.??"]
[Round "?"]
[White "Popovic, Petar"]
[Black "Vujosevic, Vladimir"]
[Result "1-0"]
[WhiteElo "2525"]
[BlackElo "2355"]

1.e4 e5 2.Nf3 Nc6 3.Bb5 a6 4.Ba4 Nf6 5.O-O b5 6.Bb3 Bb7 7.c3 Be7 8.d4 d6
9.Nbd2 O-O 10.Re1 exd4 11.cxd4 Nb4 12.Qe2 c5 13.a3 Nc6 14.dxc5 dxc5 15.e5 Nd7
16.e6 fxe6 17.Qxe6+ Kh8 18.Bd5 Nd4 19.Nxd4 Bxd5 20.Qxd5 cxd4 21.Nf3 Bf6 22.Bg5 Nb6
23.Qxd8 Raxd8 24.Bxf6 gxf6 25.Red1 d3 26.Ne1 d2 27.Nf3 Nc4 28.b3 Ne5 29.Nxe5 fxe5
30.Kf1 Rd3 31.b4 Rc8 32.Ke2 Rcc3 33.a4 Rd4 34.axb5 axb5 35.Rxd2 Re4+ 36.Kf1 Rxb4
37.Ra8+ Kg7 38.Rd7+ Kg6 39.Ra6+ Kf5 40.g3 Rd4 41.Rxh7 b4 42.Rb6 b3 43.Kg2 Rd2
44.Rhb7 Rdd3 45.h3 e4 46.Re7 e3 47.g4+ Kf4 48.Rb5  1-0

[Event "Berliner Sommer"]
[Site "Berlin"]
[Date "1994.??.??"]
[Round "?"]
[White "Frolov, Artur"]
[Black "Rause, Olita"]
[Result "1-0"]
[WhiteElo "2540"]
[BlackElo "2360"]

1.e4 e5 2.Nf3 Nc6 3.Bb5 a6 4.Ba4 Nf6 5.O-O b5 6.Bb3 Bb7 7.d4 Nxd4 8.Bxf7+ Kxf7
9.Nxe5+ Kg8 10.Qxd4 c5 11.Qd1 Qe8 12.Nf3 Qxe4 13.Bg5 Qg4 14.Bxf6 Bxf3 15.Qxf3 Qxf3
16.gxf3 gxf6 17.Nc3 Kf7 18.Rfd1 Ra7 19.Rd2 Rg8+ 20.Kh1 c4 21.Rad1 Ke6 22.Ne4 f5
23.Ng3 Rg7 24.Re2+ Kf7 25.Nxf5 Rg6 26.Ng3 Bd6 27.Red2 Be5 28.Rxd7+ Rxd7 29.Rxd7+ Ke6
30.Rxh7 Bxb2 31.f4 Kd5 32.f5 Rd6 33.Re7 Bd4 34.Kg2 a5 35.Ne4 Rh6 36.f3 Be5
37.h3 Rh8 38.f6 Rg8+ 39.Kf1 Bd4 40.Rd7+ Ke5 41.Rg7 Rf8 42.Ke2 b4 43.Rg5+ Kf4
44.Rxa5 Rg8 45.Rd5 Rg2+ 46.Nf2 Rxf2+ 47.Ke1 Rxf3 48.Rxd4+ Ke3 49.Rd6 Rxh3
50.Kf1 Kf3 51.Kg1 Rg3+ 52.Kh2 Rg5 53.f7 Rf5 54.Rd7 Kf2 55.Kh3 Kf3 56.Kh4 Kf4
57.Re7 Rf6 58.Kh5 Kf5 59.Rc7 c3 60.Rb7 Kf4 61.Rxb4+ Ke3 62.Rb7 Kd2 63.Kg5 Rf1
64.Kg6 Kxc2 65.Rb8  1-0

[Event "Bern op"]
[Site "Bern"]
[Date "1994.??.??"]
[Round "8"]
[White "Schmittdiel, Eckhard"]
[Black "Mikhalchishin, Adrian"]
[Result "0-1"]
[WhiteElo "2450"]
[BlackElo "2530"]

1.e4 e5 2.Nf3 Nc6 3.Bb5 a6 4.Ba4 Nf6 5.O-O b5 6.Bb3 Bb7 7.Re1 Be7 8.Nc3 O-O
9.d3 d6 10.a3 Nd4 11.Nxd4 exd4 12.Nd5 Nxd5 13.exd5 Bf6 14.a4 Qd7 15.Qf3 c5
16.dxc6 Bxc6 17.Bd5 Bxd5 18.Qxd5 bxa4 19.Bg5 Bxg5 20.Qxg5 Qb5 21.Qf4 Qxb2
22.Rxa4 Qxc2 23.Qxd4 Rfe8 24.Rea1 Rab8 25.h3 Rb1+ 26.Kh2 Rxa1 27.Rxa1 Qc6
28.Qc4 Qxc4 29.dxc4 Ra8 30.Rd1 a5 31.Rxd6 Kf8 32.Kg3 a4 33.Kf3 a3 34.Rd1 Ke7
35.Ke3 a2 36.Ra1 Kd6 37.Kd4 Ra4 38.f4 h5 39.g4 h4 40.g5 g6  0-1